[Event "La Balanguera Nadal op"]
[Site "La Balanguera"]
[Date "2021.12.12"]
[Round "4"]
[White "Roca Ramis De Ayerflor, Pau"]
[Black "Juan Mas, Santiago"]
[Result "0-1"]
[WhiteElo "1449"]
[BlackElo "1923"]
[PlyCount "69"]
[EventDate "2021.12.10"]
[EventType "swiss"]
[EventRounds "5"]
[EventCountry "ESP"]
[SourceTitle "EXT 2023"]
[Source "ChessBase"]
[SourceDate "2022.10.05"]
[SourceVersion "1"]
[SourceVersionDate "2022.10.05"]
[SourceQuality "1"]

1. e4 g6 2. d4 Bg7 3. Nc3 c5 4. Nf3 cxd4 5. Nxd4 Nc6 6. Be3 Nf6 7. Qd2 Ng4 8. Nxc6 dxc6 9. Qxd8+ Kxd8 10. Bd2 Bd4 11. Nd1 Be6 12. f3 Ne5 13. Bc3 c5 14. Bd3 Kc7 15. Bxd4 cxd4 16. f4 Nc6 17. a3 a5 18. Nf2 f6 19. Kd2 a4 20. Rae1 Ra5 21. g4 g5 22. e5 gxf4 23. exf6 Ne5 24. Rxe5 Rxe5 25. fxe7 Bd5 26. Rg1 Rxe7 27. h4 h6 28. Nh3 f3 29. Nf4 Bf7 30. Rf1 Rg8 31. Bf5 Re3 32. Rf2 Rge8 33. g5 hxg5 34. hxg5 R8e5 35. Bg4 0-1

[Event "La Balanguera Nadal op"]
[Site "La Balanguera"]
[Date "2021.12.11"]
[Round "2"]
[White "Roca Ramis De Ayreflor, Leo"]
[Black "Roca Ramis De Ayerflor, Pau"]
[Result "0-1"]
[WhiteElo "1113"]
[BlackElo "1449"]
[PlyCount "38"]
[EventDate "2021.12.10"]
[EventType "swiss"]
[EventRounds "5"]
[EventCountry "ESP"]
[SourceTitle "EXT 2023"]
[Source "ChessBase"]
[SourceDate "2022.10.05"]
[SourceVersion "1"]
[SourceVersionDate "2022.10.05"]
[SourceQuality "1"]

1. e4 c5 2. Nf3 d6 3. d4 cxd4 4. Nxd4 Nf6 5. Nc3 a6 6. Bg5 e6 7. Qd2 Be7 8. Be2 0-0 9. 0-0 b5 10. Rad1 Bb7 11. Bf3 Qc7 12. Rfe1 Nbd7 13. a3 Rfd8 14. Nde2 Ne5 15. Qe3 Nc4 16. Qf4 Nxb2 17. Bxf6 Bxf6 18. Na2 Nxd1 19. Rxd1 Qxc2 0-1

[Event "Mallorca-ch School U12"]
[Site "Mallorca"]
[Date "2018.03.09"]
[Round "6.3"]
[White "Pico Ruiz, Joan Marc"]
[Black "Roca Ramis De Ayerflor, Pau"]
[Result "1-0"]
[WhiteElo "1072"]
[BlackElo "1111"]
[PlyCount "47"]
[EventDate "2018.02.02"]
[EventType "swiss"]
[EventRounds "7"]
[EventCountry "ESP"]
[SourceTitle "EXT 2024"]
[Source "ChessBase"]
[SourceDate "2023.10.10"]
[SourceVersion "1"]
[SourceVersionDate "2023.10.10"]
[SourceQuality "1"]

1. e4 c5 2. d4 cxd4 3. c3 dxc3 4. Nxc3 e6 5. Nf3 Nf6 6. Bc4 Be7 7. 0-0 0-0 8. Qe2 Nc6 9. Rd1 a6 10. e5 Ne8 11. Qe4 b5 12. Bd3 g6 13. Bh6 Ng7 14. h4 Bb7 15. h5 Rc8 16. Qg4 Qe8 17. Ne2 Nd8 18. Nf4 Bxf3 19. gxf3 Nc6 20. hxg6 fxg6 21. Nxg6 hxg6 22. Bxg6 Nxe5 23. Bh7+ Kf7 24. Qxg7# 1-0